Statistics for Songs from the First Line(s) - 2006

Click here to take the quiz!

General Stats

  • This quiz has been taken 10 times
  • The average score is 10 of 30

Answer Stats

HintAnswer% Correct
SongsThey tried to make me go to rehab, but I said "no, no, no" / Yes, I've been black, but when I come back, you'll know, know, knowArtist(s)Amy Winehouse
100%
SongsThey tried to make me go to rehab, but I said "no, no, no" / Yes, I've been black, but when I come back, you'll know, know, knowSongRehab
100%
SongsI remember when / I remember, I remember when I lost my mind / There was something so pleasant about that placeSongCrazy
75%
SongsTo the left, to the left / Everything you own in the box to the left / In the closet, that's my stuffArtist(s)Beyonce
63%
SongsI remember when / I remember, I remember when I lost my mind / There was something so pleasant about that placeArtist(s)Gnarls Barkley
63%
SongsLadies up in here tonight / No fighting / We got the refugees up in here / No fighting, no fightingSongHips Don't Lie
63%
SongsLadies up in here tonight / No fighting / We got the refugees up in here / No fighting, no fightingArtist(s)Shakira / Wyclef Jean
63%
SongsI feel you creepin', I can see it from my shadow / Wanna jump up in my Lamborghini Gallardo?Artist(s)Akon / Eminem
38%
SongsWe'll do it all / Everything / On our own / We don't need / Anything / Or anyone / If I lay here / If I just lay hereSongChasing Cars
38%
SongsIf I could escape, I would / But first of all, let me say / I must apologize for acting stank and treating you this wayArtist(s)Gwen Stefani / Akon
38%
SongsTo the left, to the left / Everything you own in the box to the left / In the closet, that's my stuffSongIrreplaceable
38%
SongsCome to decide that the things that I tried / Were in my life just to get high on / When I sit alone, come get a little knownSongSnow (Hey Oh)
38%
SongsWe'll do it all / Everything / On our own / We don't need / Anything / Or anyone / If I lay here / If I just lay hereArtist(s)Snow Patrol
38%
SongsStep one, you say we need to talk / He walks, you say, "Sit down, it's just a talk" / He smiles politely back at youSongHow To Save A Life
25%
SongsHey girl, is he everything you wanted in a man? / You know I gave you the world / You had me in the palm of your handArtist(s)Justin Timberlake
25%
SongsI'm through with standing in line to clubs I'll never get in / It's like the bottom of the ninth and I'm never gonna winArtist(s)Nickelback
25%
SongsI'm obsessive when just one thought of you comes up / And I'm aggressive, just one thought ain't close enoughArtist(s)Rihanna
25%
SongsI'm through with standing in line to clubs I'll never get in / It's like the bottom of the ninth and I'm never gonna winSongRockstar
25%
SongsI feel you creepin', I can see it from my shadow / Wanna jump up in my Lamborghini Gallardo?SongSmack That
25%
SongsStep one, you say we need to talk / He walks, you say, "Sit down, it's just a talk" / He smiles politely back at youArtist(s)The Fray
25%
SongsIf I could escape, I would / But first of all, let me say / I must apologize for acting stank and treating you this waySongThe Sweet Escape
25%
SongsEverybody look at me, me (Oh) / I walk in the door, you start screaming (Oh)SongManeater
13%
SongsEverybody look at me, me (Oh) / I walk in the door, you start screaming (Oh)Artist(s)Nelly Furtado
13%
SongsI'm obsessive when just one thought of you comes up / And I'm aggressive, just one thought ain't close enoughSongSOS
13%
SongsHey girl, is he everything you wanted in a man? / You know I gave you the world / You had me in the palm of your handSongWhat Goes Around... Comes Around
13%
SongsI can take the rain on the roof of this empty house / That don't bother me / I can take a few tears now and then and just let them outSongWhat Hurts The Most
13%
SongsMe and all my friends / We're all misunderstood / They say we stand for nothing and / There's no way we ever couldArtist(s)John Mayer
0%
SongsI can take the rain on the roof of this empty house / That don't bother me / I can take a few tears now and then and just let them outArtist(s)Rascal Flatts
0%
SongsCome to decide that the things that I tried / Were in my life just to get high on / When I sit alone, come get a little knownArtist(s)Red Hot Chili Peppers
0%
SongsMe and all my friends / We're all misunderstood / They say we stand for nothing and / There's no way we ever couldSongWaiting On The World To Change
0%

Score Distribution

Percentile by Number Answered

Percent of People with Each Score

Your Score History

You have not taken this quiz